LDR 00877naa#a2200181#i#450# 001 RU\\bibl\124974 005 20260602093112.2 011 ## _a2588-0209 100 ## _a20260601b2026####ek#y0rusy0150####ca 102 ## _aRU 200 1# _aФГИС «Зерно» как правовой институт: между прослеживаемостью и квазилицензированием оборота _eЖурнальная статья 210 1# _aМосква _cЭлектронная наука _d2026 215 ## _a17 с. 608 ## _aЖурнальная статья _2local 675 ## _aАграрное право. 349.42 _aПрикладные информационные (компьютерные) технологии. 004.9 _z 700 #1 _aКоротченко _gПётр Вадимович 700 #1 _aМайборода _gВиктор Александрович 856 4# _amshj.ru _u